Nevyhrievané tlakové nádoby. STN 69 0010. STN EN 13445-4 : Časť 4: Výroba. December 2003

Salvato in:
Dettagli Bibliografici
Natura: Libro
Lingua:slovacco
Pubblicazione: Bratislava : Slovenský ústav technickej normalizácie, 2003
Soggetti:
Tags: Aggiungi Tag
Nessun Tag, puoi essere il primo ad aggiungerne!!

MARC

LEADER 00000nam a22000003a 4500
001 stu176223
005 20150408160825.5
008 081125s2003----xo------------------slo-d
040 |a STU  |b slo 
041 0 |a slo 
044 |a xo 
245 |a Nevyhrievané tlakové nádoby. STN 69 0010. STN EN 13445-4 :  |b Časť 4: Výroba. December 2003 
260 |a Bratislava :  |b Slovenský ústav technickej normalizácie,  |c 2003 
300 |a 52 s 
500 |a Táto norma nahrádza anglické znenie STN EN 13445-4 (07 8408) z decembra 2002 v celom rozsahu, a od 31.12.2003 STN 69 0010-6-1 z marca 1993 a STN 69 0010-6-2 z marca 1993 v celom rozsahu 
650 7 |a tlakové nádoby  |2 stusub 
996 |b 284M069376  |c M*N-1303  |l MMKN  |s A  |a 24  |w stu176223_0001